| 000 | 005500000a22001810004500 | ||
|---|---|---|---|
| 003 | MACL | ||
| 005 | 20160216162157.0 | ||
| 008 | 160216b xxu||||| |||| 00| 0 eng d | ||
| 040 |
_aMACL _cmacl |
||
| 041 | _aHindi | ||
| 082 | _a294 | ||
| 100 |
_aशर्मा आचार्य विक्ष्वमित्र _938555 |
||
| 245 | _aसम्पूर्ण विदुर नीति | ||
| 260 |
_bअनु प्रकाशन _c2000 _aजयपुर |
||
| 350 | _a125 | ||
| 650 |
_aReligion _938556 |
||
| 942 |
_cHIN _k294 _2ddc |
||
| 999 |
_c29795 _d29795 |
||